Statistiche per Vincitori di Amici di Maria De Filippi

Clicka qui per fare il quiz!

Statistiche generali

  • Questo quiz è stato fatto 158 volte
  • Il punteggio medio è 13 su 21

Statistiche sulle risposte

Risposta% Corretto
Alessandra Amoroso
92%
Emma
89%
Irama
86%
The Kolors
86%
Gaia Gozzi
85%
Giulia Stabile
79%
Sergio Sylvestre
75%
Luigi Strangis
74%
Andreas Müller
73%
Marco Carta
70%
Alberto Urso
66%
Moreno
65%
Deborah Iurato
52%
Dennis Fantina
45%
Leon Cino
44%
Antonino
41%
Virginio
41%
Giulia Ottonello
33%
Federico Angelucci
26%
Ivan D'Andrea
24%
Gerardo Pulli
21%

Distribuzione punteggi

Percentile per numero di risposta

Percentuale di utenti per punteggio

I tuoi punteggi nel tempo

Non hai fatto questo quiz